000 00273nam a22001217a 4500
008 181031b xxu||||| |||| 00| 0 eng d
041 _aeng
080 _218th
_a030
100 _a23
101 _aFJA
245 _aEncyclopedia of Social Work
_cMinahan,A
942 _2udc
_cBK
999 _c51285
_d51285